[Event "IECC Swiss email"]
[Site "IECC email"]
[Date "2001.06.09"]
[Round "?"]
[White "Meyer, Mike"]
[Black "Zednik, Martin"]
[Result "0-1"]
[WhiteElo "1280"]
[BlackElo "1906"]
[PlyCount "36"]
[EventDate "2001.??.??"]
[EventType "tourn (corr)"]
[EventRounds "6"]
[SourceTitle "Corr 2008"]
[Source "ChessBase"]
[SourceDate "2008.06.24"]
[SourceVersion "1"]
[SourceVersionDate "2008.06.24"]
[SourceQuality "1"]

1. e4 e5 2. Nf3 Nc6 3. Bb5 f5 4. exf5 e4 5. Bxc6 dxc6 6. Ne5 Bxf5 7. b3 Qd4 8. Nc4 Qxa1 9. Nc3 Nf6 10. 0-0 Bc5 11. h3 Nd5 12. Qh5+ g6 13. Qg5 0-0 14. g4 Nxc3 15. dxc3 Qxc3 16. gxf5 Rxf5 17. Qh4 Bxf2+ 18. Rxf2 Qe1+ 0-1